00743nam a2200205 a 4500008004100000020002200041245013500063260003900198300002500237500006000262650002900322650002700351650002000378700002700398700002400425710006100449003000100510005001700511040000900528  a9966464565 (pbk.)00aHope born out of despair :bmanaging the African crisis /cedited by Thomas R. Odhiambo ; with Peter Anyang' Nyong'o ... [et al.]. aNairobi :bHeinemann Kenya,c1988. axv, 123 p. ;c21 cm. aBased on the report of the Special Committee on Africa. 0aAfricaxEconomic policy. 0aAfricaxSocial policy. 0aPan-Africanism. aAnyang' Nyong'o, Peter1 aOdhiambo, Thomas R.2 aUnited Nations University.bSpecial Committee on Africa.20230123133339.0 cNUST